| 000 | 01028nmm a2200277 a 4500 | ||
|---|---|---|---|
| 001 | ocm000607427 | ||
| 003 | TR-IsHL | ||
| 005 | 20201028133449.0 | ||
| 008 | 131121s2011 tu tur | ||
| 007 | cr cn | ||
| 020 | _a9789944979436 | ||
| 035 |
_a607427 _b(N$T) |
||
| 050 | 0 | 4 |
_aBP170.5 _b.M68 2011 |
| 090 | 0 | 4 |
_aBP170.5 _b.M68 2011 |
| 100 | 1 | _aMouleres, Sandrine | |
| 245 | 1 | 0 |
_aCumhuriyetin günah keçileri: Ben, Sandrine, hayatım, hikayem, gerçeğim _h[electronic resource] / _cSandrine Mouleres ; çev. Derya Öztürk |
| 260 |
_aİstanbul : _bAvrupa Yakası Yayınları, _c2011 |
||
| 300 | _a125 p. | ||
| 650 | 4 | _aPolitika ve Uluslararası İlişkiler | |
| 650 | 4 | _aPolitics and International Relations | |
| 650 | 0 |
_aMüslüman kadınlar _x Fransa _x Biyografi |
|
| 650 | 0 |
_aMuslim women _x France _x Biography |
|
| 650 | 7 |
_aSOCIAL SCIENCE / Women's Studies _2bisacsh |
|
| 700 | 1 | _aÖztürk, Derya | |
| 856 | 4 | 0 | _uhttp://search.ebscohost.com/login.aspx?direct=true&scope=site&db=e011xww&AN=607427 |
| 999 |
_c5655 _d5655 |
||